000 00618 a2200181 4500
999 _c183237
_d183237
005 20211221141924.0
010 _aENG-130449
020 _a978-93-5460-163-7
_c950.00
035 _aEN-113981
037 _bDBAD/PUB
082 _a621.3815
_b1
100 _aNeamen, Donald A.
245 _aMicroelectronics Circuit Analysis and Design:
_cDonald A. Neamen
260 _aTamill Nadu
_bMcGraw Hill Education Private Limited
_c2021
270 _a444/1, Sri Ekambara Naicker Industrial Estate, Alapakkam, Porur
_bChennai
_e600116
300 _a1370p.
_c24cm (pbk)
942 _adpl
_cEN
_2ddc
_h621.3815
_mNEA